000 00623nmm a2200181Ia 4500
008 251105s9999||||xx |||||||||||||||||und||
041 _aspa
100 _aGonzález González, Jorge
245 0 _aResponsabilidad social empresarial: decisiones, reflexiones y casos de estudio
264 _a[Bogotá, Colombia] :
_bUniversidad del Norte,
_c2017
300 _a162 páginas
650 _aEconomics and Business
700 _aGonzález González, Jorge
700 1 _a Vásquez Parra, José Carlos
700 1 _a Mejía Reátiga, Camilo (dirs.)
856 _uhttps://public.digitaliapublishing.com/a/54981
942 _cCF
999 _c66309
_d66309